Mergers and Acquisitions Announcements and their Impact on Stock Prices diplomová práca
Uložené v:
| Hlavný autor: | |
|---|---|
| Korporativný autor: | |
| Ďalší autori: | |
| Médium: | Kniha |
| Jazyk: | English |
| Vydavateľské údaje: |
Bratislava
2014
|
| Tagy: |
Žiadne tagy, Buďte prvý, kto otaguje tento záznam!
|
MARC
| LEADER | 00000nbm a2200000 4500 | ||
|---|---|---|---|
| 001 | 0314748 | ||
| 005 | 20260206095745.4 | ||
| 041 | 0 | |a eng | |
| 044 | |a SK | ||
| 245 | 1 | 0 | |a Mergers and Acquisitions Announcements and their Impact on Stock Prices |b diplomová práca |c Dominika Smolejová ; školiteľ: Menbere Workie Tiruneh |
| 264 | 1 | |a Bratislava |c 2014 | |
| 300 | |a 93 s. | ||
| 100 | 1 | |a Smolejová, Dominika | |
| 700 | 1 | |a Workie Tiruneh, Menbere | |
| 710 | 2 | |a Ekonomická univerzita v Bratislave. Ústav medzinárodných programov | |